Представление документа в формате RUSMARC

ПолеНазваниеЗначение
  Тип записи a
  Библиографический уровень m
001 Контрольный номер RU/CBS_UL/BASE/c5b493b5839f4bb9b94cbe9c61f72ea3
005 Дата корректировки 20260204140837.4
010 Индекс ISBN __
a ISBN
b Уточнения в пер.
d Цена 65 р. 00 к.
9 Тираж экз.
100 Данные общей обработки __
a Данные общей обработки 20260204d 0rusy0189## ca
101 Язык документа 0_
a Язык текста rus
102 Страна публикации __
a Страна публикации RU
200 Заглавие и сведения об ответственности 1_
a Заглавие Международно-правовые акты о сотрудничестве России с иностранными государствами по оказанию правовой взаимопомощи
g Последующие сведения об ответственности сост. М. Е. Волосов
210 Выходные данные 1_
a Место издания Москва
c Издательство Норма
d Дата издания 2003
215 Физическое описание __
a Объем 580 с.
d Формат см.
300 Общие примечания __
a Общие примечания 16+
300 Общие примечания __
a Общие примечания Под инв. номером 89430: 2-1, 3-1, 4-1, 5-1, 12-1, 17-1, 18-1, 22-1
606 Тематические рубрики 0_
a Основная рубрика Международное право
610 Ключевые слова 0_
a Ключевые слова право международное; права человека; документы; взаимопомощь правовая; государства иностранные
686 Индексы других классификаций __
2 Код системы rubbk
a Классификационный индекс 67.412
801 Источник записи _0
a Страна RU
b Организация МБУК ЦБС г. Ульяновска
c Дата составления 20260204
g Правила каталогизации RCR
801 Источник записи _1
a Страна RU
b Организация МБУК ЦБС г. Ульяновска
c Дата составления 20260204
g Правила каталогизации RCR
852 Данные о местонахождении __
i Авторский знак М 43
j Шифр хранения 67.412
901 Тип документа __
t Тип документа m
909 Создатель записи __
a Создатель записи obr4
b Дата создания записи 20260204